| 000 | 01032nam a22003377a 4500 | ||
|---|---|---|---|
| 001 | BR0808928 | ||
| 003 | BR-BrBNA | ||
| 005 | 20230928102813.0 | ||
| 007 | ta | ||
| 008 | 230509b bl.||||| |||| 00| 0 por d | ||
| 040 |
_aBR-BrBNA _bpor _cBiblioteca Nacional de Agricultura |
||
| 041 | _a(Por) | ||
| 072 |
_aL02; L51 _b6100 |
||
| 090 | _ 6100 BR0808928 | ||
| 100 | 1 | _aQueiroz, L.S.B. de | |
| 110 | 1 |
_aUniversidade Federal de Lavras, MG (Brasil) _0Tese (Mestrado) |
|
| 245 | 1 | _aBiodisponibilidade relativa do fósforo de fosfatos comerciais para frangos de corte na fase inicial | |
| 260 | 3 |
_aLavras, MG (Brasil): _c2008. |
|
| 300 | _a81 p. | ||
| 500 | _aSummaries (Eng, Por); Several bibliography; 34 tables | ||
| 650 | _aFRANGO DE CORTE | ||
| 650 | _aFÓSFORO | ||
| 650 | _aFOSFATO | ||
| 650 | _aNUTRIÇÃO ANIMAL | ||
| 650 | _aEXIGÊNCIA NUTRICIONAL | ||
| 650 | _aPERFORMANCE | ||
| 650 | _aABSORÇÃO DE NUTRIENTES | ||
| 650 | _aMÉTODO ESTATÍSTICO | ||
| 909 |
_a202309 _bLucia _c55 _dLucia Elande |
||
| 942 | _cBK | ||
| 999 |
_c72514 _d72514 |
||